000 00299nam a22001337a 4500
008 260211b ||||| |||| 00| 0 eng d
020 _a9788853621061
041 _aeng
080 _a019318
100 _a20
101 _aital
245 _aEvviva Roma
_cLetture Graduate Giovani
942 _2lcc
_cBK
999 _c60764
_d60764